| 000 | 01220nam2a2200253 4500 | ||
|---|---|---|---|
| 001 | RU\NLR\BIBL_A\010914609 | ||
| 005 | 20250624201149.0 | ||
| 010 |
_a978-5-699-76135-7 _94000 |
||
| 021 |
_aRU _b2015-89235 _95494 |
||
| 035 | _a(NLR Aleph) 010914609 | ||
| 090 |
_a10647939 _c10647939 |
||
| 100 | _a20151201d2016 |||y0rusy50 ca | ||
| 101 | 0 | _arus | |
| 102 | _aRU | ||
| 105 | _ay z 000ay | ||
| 200 | 1 |
_aКровь Олимпа _f[пер. с англ. Е. Ефимовой] |
|
| 210 |
_d2016 _d[т. е. 2015] _aБ. м. |
||
| 215 | _a509, [1] с. | ||
| 300 | _aКн. фактически изд. в 2015 г. | ||
| 461 | 0 |
_1001RU\NLR\BIBL_A\010952009 _12001#$aГерои Олимпа$e[роман$eдля старшего школьного возраста]$fРик Риордан$g[пер. с англ.: А.В. Деминой]$vКн. 5 _1700#1$aРиордан$bР.$f1964-$gРик$3RU\NLR\AUTH\77118226 _910781423 _aРиордан, Р. (1964-) _cМосква _d2015 _fРик Риордан _nЭксмо _o[роман : для старшего школьного возраста] _tГерои Олимпа _vКн. 5 |
|
| 942 | _cBOOK | ||
| 980 | _aNB | ||